Kloster Blaubeuren : der Chor und sein Hochaltar

Gespeichert in:
Bibliographische Detailangaben
Mitwirkende: Moraht-Fromm, Anna (HerausgeberIn, Hrsg.)
Schürle, Wolfgang (HerausgeberIn, Hrsg.)
Dokumenttyp: Buch
Sprache:German
Veröffentlicht: Stuttgart : Theiss , 2002
Schriftenreihe:Alb und Donau, Kunst und Kultur 31
Schlagwörter:
Online Zugang:Rezension
Rezension
Inhaltsverzeichnis
Bibliogr. Hinweis:Rezensiert in: [Kloster Blaubeuren], in: Rottenburger Jahrbuch für Kirchengeschichte
Rezensiert in: [Rezension von: Anna Moraht-Fromm / Wolfgang Schürle (Hrsg.), Kloster Blaubeuren]
Rezensiert in: [Rezension von: Reinhardt, Brigitte; Roller, Stefan (Hrsg.), Michel Erhart & Jörg Syrlin d. Ä. ...]
Verantwortlich:hrsg. von Anna Moraht-Fromm und Wolfgang Schürle
LEADER 05940cam a2201153 c 4500
001 352340835
003 DE-627
005 20260223172202.0
007 tu
008 020808s2002 gw ||||| 00| ||ger c
015 |a 02,N34,0664  |2 dnb 
015 |a 02,A43,1156  |2 dnb 
016 7 |a 964842696  |2 DE-101 
020 |a 380621719X  |q Buchhandelsausgabe  |9 3-8062-1719-X 
020 |a 3980666468  |q Katalogausgabe  |9 3-9806664-6-8 
024 3 |a 9783806217193 
035 |a (DE-627)352340835 
035 |a (DE-603)106431390 
035 |a (DE-576)100552455 
035 |a (DE-599)GBV352340835 
035 |a (OCoLC)248999652 
035 |a (OCoLC)248999652 
035 |a (OCoLC)50645291 
040 |a DE-627  |b ger  |c DE-627  |e rakwb 
041 |a ger 
044 |c XA-DE  |c XA-DE-BW 
050 0 |a NA5586.B533 
082 0 |a 709/.43/473 
082 0 |a 709.43473 
084 |a 46  |2 sdnb 
084 |a 46  |a 45  |2 sdnb 
084 |a 45  |a 46  |2 sdnb 
084 |a 9,10  |2 ssgn 
084 |a LK 79570  |2 rvk  |0 (DE-625)rvk/98282:154 
084 |a LK 17760  |2 rvk  |0 (DE-625)rvk/97628: 
084 |a 851  |2 bwlb 
084 |a 21.70  |2 bkl 
084 |a 21.02  |2 bkl 
084 |a 21.52  |2 bkl 
084 |a 56.88  |2 bkl 
245 0 0 |a Kloster Blaubeuren  |b der Chor und sein Hochaltar  |c hrsg. von Anna Moraht-Fromm und Wolfgang Schürle 
263 |a Efal. : EUR 34.90, sfr 57.70 
264 1 |a Stuttgart  |b Theiss  |c 2002 
300 |a 287 S.  |b zahlr. Ill.  |c 33 cm 
336 |a Text  |b txt  |2 rdacontent 
337 |a ohne Hilfsmittel zu benutzen  |b n  |2 rdamedia 
338 |a Band  |b nc  |2 rdacarrier 
490 1 |a Alb und Donau, Kunst und Kultur  |v 31 
500 |a Mit Registern 
505 8 |a Literaturverz. S. 271 - 280 
583 1 |a Archivierung/Langzeitarchivierung gewährleistet  |f PEBW  |x XA-DE-BW  |2 pdager  |5 DE-24 
583 1 |a Archivierung/Langzeitarchivierung gewährleistet  |f SSG  |x XA-DE-BW  |2 pdager  |5 DE-16 
610 2 7 |0 (DE-588)4458487-8  |0 (DE-627)230195032  |0 (DE-576)212645536  |a Kloster Blaubeuren  |2 gnd  |7 (dpeaa)DE-631 
650 0 |a Altars  |x Germany  |x Blaubeuren 
650 0 |a Christian art and symbolism  |x Medieval, 500-1500  |x Germany  |x Blaubeuren 
650 0 |a Monasteries  |x Germany  |x Blaubeuren 
650 0 7 |0 (DE-588)4001381-9  |0 (DE-627)104394390  |0 (DE-576)208842616  |a Altar  |2 gnd  |7 (dpeaa)DE-631 
650 0 7 |0 (DE-588)4021656-1  |0 (DE-627)104732164  |0 (DE-576)208939210  |a Gotik  |2 gnd  |7 (dpeaa)DE-631 
650 0 7 |0 (DE-588)4046277-8  |0 (DE-627)106198602  |0 (DE-576)209068817  |a Plastik  |2 gnd  |7 (dpeaa)DE-631 
650 0 7 |0 (DE-588)4178936-2  |0 (DE-627)105337609  |0 (DE-576)20998788X  |a Sakralbau  |2 gnd  |7 (dpeaa)DE-631 
650 0 7 |0 (DE-588)4073436-5  |0 (DE-627)104791268  |0 (DE-576)209190450  |a Kirchenbau  |2 gnd  |7 (dpeaa)DE-631 
650 0 7 |0 (DE-588)4138356-4  |0 (DE-627)105643300  |0 (DE-576)209685352  |a Ausstattung  |2 gnd  |7 (dpeaa)DE-631 
650 0 7 |0 (DE-588)4160081-2  |0 (DE-627)105480444  |0 (DE-576)209855126  |a Hochaltar  |2 gnd  |7 (dpeaa)DE-631 
650 0 7 |0 (DE-588)4002851-3  |0 (DE-627)104280352  |0 (DE-576)208848975  |a Architektur  |2 gnd 
651 0 |a Blaubeuren (Germany)  |x Buildings, structures, etc 
651 7 |0 (DE-588)4088446-6  |0 (DE-627)106034812  |0 (DE-576)209254807  |a Blaubeuren  |2 gnd  |7 (dpeaa)DE-631 
653 0 |a Kloster Blaubeuren 
689 0 0 |d b  |0 (DE-588)4458487-8  |0 (DE-627)230195032  |0 (DE-576)212645536  |a Kloster Blaubeuren  |2 gnd 
689 0 1 |d s  |0 (DE-588)4160081-2  |0 (DE-627)105480444  |0 (DE-576)209855126  |a Hochaltar  |2 gnd 
689 0 |5 DE-101 
689 1 0 |d b  |0 (DE-588)4458487-8  |0 (DE-627)230195032  |0 (DE-576)212645536  |a Kloster Blaubeuren  |2 gnd 
689 1 1 |d s  |0 (DE-588)4002851-3  |0 (DE-627)104280352  |0 (DE-576)208848975  |a Architektur  |2 gnd 
689 1 |5 DE-101 
700 1 |a Moraht-Fromm, Anna  |e Hrsg.  |0 (DE-588)12491313X  |0 (DE-627)368070468  |0 (DE-576)168592150  |4 edt 
700 1 |a Schürle, Wolfgang  |d 1941-  |e Hrsg.  |0 (DE-588)121205568  |0 (DE-627)081153503  |0 (DE-576)162983697  |4 edt 
787 0 8 |i Rezensiert in  |a Felix Hammer  |t [Kloster Blaubeuren], in: Rottenburger Jahrbuch für Kirchengeschichte  |g 23. 2004. - S. 270 - 271 
787 0 8 |i Rezensiert in  |a Hirsch, Martin, 1969 -   |t [Rezension von: Anna Moraht-Fromm / Wolfgang Schürle (Hrsg.), Kloster Blaubeuren]  |d 2003  |w (DE-627)1920428283 
787 0 8 |i Rezensiert in  |a Setzler, Sibylle, 1947 -   |t [Rezension von: Reinhardt, Brigitte; Roller, Stefan (Hrsg.), Michel Erhart & Jörg Syrlin d. Ä. ...]  |d 2003  |w (DE-627)1844826090 
830 0 |a Alb und Donau, Kunst und Kultur  |v 31  |9 3100  |w (DE-627)253720389  |w (DE-576)023959894  |w (DE-600)1458797-X  |7 am 
856 4 2 |u https://swbplus.bsz-bw.de/bsz100552455rez.htm  |m B:DE-576;DE-16  |q application/pdf  |v 20081106090250  |x Verlag  |3 Rezension  |7 1 
856 4 2 |u http://scans.hebis.de/HEBCGI/show.pl?10643139_rez.pdf  |m V:DE-576;B:DE-16  |q application/pdf  |3 Rezension  |7 1 
856 4 2 |u http://scans.hebis.de/HEBCGI/show.pl?10643139_toc.pdf  |m V:DE-605;X:Imageware  |q application/pdf  |3 Inhaltsverzeichnis  |7 1 
935 |a BWLB 
935 |i Blocktest 
936 r v |a LK 79570  |b allgemein  |k Kunstgeschichte  |k Kunst nach Ländern bzw. Kontinenten  |k Deutschland  |k Deutsche Kunstgeschichte nach Gattungen  |k Architektur  |k Ordnung nach Aufgaben  |k Sakrale Architektur  |k Sakrale Architektur  |k allgemein  |0 (DE-627)1271167867  |0 (DE-625)rvk/98282:154  |0 (DE-576)201167867 
936 r v |a LK 17760  |b Blaubeuren  |k Kunstgeschichte  |k Kunst nach Ländern bzw. Kontinenten  |k Deutschland  |k Kunsttopografie Deutschlands  |k Orte Deutschlands  |k Orte B  |k Blaubeuren  |0 (DE-627)1271293897  |0 (DE-625)rvk/97628:  |0 (DE-576)201293897 
936 b k |a 21.70  |j Geschichte der Sakralbaukunst  |0 (DE-627)106421255 
936 b k |a 21.02  |j Geschichte der Malerei  |0 (DE-627)106406698 
936 b k |a 21.52  |j Geschichte der Bildhauerei  |0 (DE-627)106405829 
936 b k |a 56.88  |j Sakralbau  |x Architektur  |0 (DE-627)106421204 
936 s n |a l300  |2 mzub 
936 s n |a z210  |2 mzub 
951 |a BO 
990 |a Kloster Blaubeuren 
990 |a Hochaltar 
990 |a Kloster Blaubeuren 
990 |a Architektur 
991 |a Rezensiertes Werk 
999 |a KXP-PPN352340835  |e 4957274975